Registre neinfekčných ochorení a chýb, dispenzarizácia na vyššej úrovni

Bibliographic Details
Main Authors: Černay, Jozef (Author), Klimentová, Terézia (Author), Hlava, Peter (Author), Michalková, Dana (Author), Mašura, Jozef (Author)
Format: Article
Language:Slovak
PhysicalDescription:Obr., tab.
ISSN:1335-0234
Subjects:

MARC

LEADER 00000nab a2200000 a 4500
001 vtls000661076
003 SK-MaSNL
005 20260304090505.0
008 250425c1998 xo 0 slo
015 |a SNBRB1998/05-13019 
035 |a CLN000013266 
035 |a urn:nbn:sk:snk-abi13 
035 |a (urnnbn)urn:nbn:sk:snk:ar-a054oc 
035 |a (uuid)b397c2c5-d38f-4a9c-91ae-f08795f28de5 
040 |a SNKBUCL  |b slo  |c SNKBUCL  |e AACR2 
041 0 |a slo 
044 |a xo  |c SK 
080 |a 616-03  |2 1997 
245 0 0 |a Registre neinfekčných ochorení a chýb, dispenzarizácia na vyššej úrovni  |c Jozef Černay ... [et al.] 
300 |b Obr., tab. 
504 |a Res. angl., nem., slov. Bibliogr. odkazy 
650 0 7 |a choroby neinfekčné  |x registrácia  |x dispenzarizácia  |2 snkbucl  |9 1381624 
655 7 |a články z novín a časopisov  |2 snkbucl  |9 267496 
700 1 |a Černay, Jozef  |4 aut  |9 7567 
700 1 |a Klimentová, Terézia  |4 aut  |9 1139492 
700 1 |a Hlava, Peter  |4 aut  |9 266408 
700 1 |a Michalková, Dana  |4 aut  |9 9119 
700 1 |a Mašura, Jozef  |4 aut  |9 6418 
773 0 |t Slovenský lekár  |g Roč. 8 (22), č. 5-6 (1998), s. 69-73  |x 1335-0234 
850 |a Slovenská národná knižnica 
852 |a Slovenská národná knižnica 
954 |a odborná, vedecká literatúra pôvodná (slovenská)  |2 lita 
958 |a article27 
958 |a NB 
958 |a OND 
958 |a EUIPO 
992 |a RBX 
999 |c 2811621  |d 2813551